000 00915nam a2200217 a 4500
008 120224s2004 ||||||||||||||||| || u
020 _a9780723432852
050 _aRC 350 Phy
100 _aStokes, Maria
245 1 0 _aPhysical management in neurological rehabilitation. -- 2nd ed.
_cedited by Maria Stokes
250 _a2nd ed.
260 _aLondon:
_bElsevier Mosby
_c2004
300 _axviii, 554p.: ill.
350 _a0.00
650 _aMEDICINE
650 _aPSYCHOMOTOR DISORDERS--REHABILITATION--HANDBOOKS
650 _aNERVOUS SYSTEM DISEASES--REHABILITATION--HANDBOOKS
650 _aNERVOUS SYSTEM--DISEASES--PHYSICAL THERAPY--HANDBOOKS, MANUALS, ETC
650 _aPHYSICAL THERAPY MODALITIES--HANDBOOKS
995 _aMEDICAL LIBRARY OPEN ACCESS
_D0.00
_e901655
_FCBU-SCHOOL OF MEDICINE LIBRARY (Ndola)
_H1
_I0.00
_jRC 350 PHY
_M1
_UAVAILABLE
_WMar 22, 2012
_y901655
_ZMedical Library Open Access Collection
999 _c32376
_d32376